Programming the Intel 80386 / (Record no. 176625)
[ view plain ]
| 000 -LEADER | |
|---|---|
| fixed length control field | 00843 a2200205 4500 |
| 003 - CONTROL NUMBER IDENTIFIER | |
| control field | Nust |
| 005 - DATE AND TIME OF LATEST TRANSACTION | |
| control field | 20170207152529.0 |
| 010 ## - LIBRARY OF CONGRESS CONTROL NUMBER | |
| LC control number | 86029862 |
| 020 ## - INTERNATIONAL STANDARD BOOK NUMBER | |
| International Standard Book Number | 0673185680 (pbk.) : |
| 040 ## - CATALOGING SOURCE | |
| Transcribing agency | Nust |
| 082 00 - DEWEY DECIMAL CLASSIFICATION NUMBER | |
| Classification number | 005.1 |
| 100 1# - MAIN ENTRY--PERSONAL NAME | |
| Personal name | Smith, Bud E. |
| 245 10 - TITLE STATEMENT | |
| Title | Programming the Intel 80386 / |
| Statement of responsibility, etc. | Bud E. Smith, Mark T. Johnson. |
| 260 ## - PUBLICATION, DISTRIBUTION, ETC. | |
| Place of publication, distribution, etc. | Glenview, Ill. : |
| Name of publisher, distributor, etc. | Scott, Foresman, |
| Date of publication, distribution, etc. | c1987. |
| 300 ## - PHYSICAL DESCRIPTION | |
| Extent | xv, 346 p., [1] folded leaf of plates : |
| Other physical details | ill. ; |
| Dimensions | 23 cm. |
| 505 ## - FORMATTED CONTENTS NOTE | |
| Formatted contents note | Assembly Language Basics (Page-1), 80386 Applications Architecture (Page-23), Guide to the Instructions (Page-51), The 80386 Instruction Set (Page-75), Protected Mode (Page-277), V8086 Mode and More (Page-291), The 80386 Processor In Depth (Page-307). |
| 538 ## - SYSTEM DETAILS NOTE | |
| System details note | Almirah No.4 Shelf No.6 |
| 650 #0 - SUBJECT ADDED ENTRY--TOPICAL TERM | |
| Topical term or geographic name entry element | Intel 80386 (Microprocessor) |
| General subdivision | Programming. |
| 700 1# - ADDED ENTRY--PERSONAL NAME | |
| Personal name | Johnson, Mark T. |
| 942 ## - ADDED ENTRY ELEMENTS (KOHA) | |
| Source of classification or shelving scheme | |
| Koha item type | Book |
| Withdrawn status | Lost status | Source of classification or shelving scheme | Damaged status | Not for loan | Permanent Location | Current Location | Shelving location | Date acquired | Full call number | Barcode | Date last seen | Price effective from | Koha item type | Public note |
|---|---|---|---|---|---|---|---|---|---|---|---|---|---|---|
| Military College of Signals (MCS) | Military College of Signals (MCS) | General Stacks | 12/12/2016 | 005.1,SMI | MCS2553 | 12/08/2016 | 12/12/2016 | Book | Almirah No.80, Shelf No.2 |
